Metódy fondovania v európskych penzijných schémach
Vznik doplnkových dôchodkových poisťovní na Slovensku ako nových subjektov na finančnom trhu. Metódy fondovania (vyčlenenie peňazí na pokrytie dávok ešte pred ich splatnosťou). Aktuárske záväzky. Štandardná výška príspevkov. Akumulované dávky. Príklady.
Enregistré dans:
| Auteur principal: | |
|---|---|
| Autres auteurs: | |
| Format: | Chapitre de livre |
| Langue: | slovaque |
| Sujets: | |
| Tags: |
Pas de tags, Soyez le premier à ajouter un tag!
|
MARC
| LEADER | 00000naa a2200000 4500 | ||
|---|---|---|---|
| 001 | r035386 | ||
| 005 | 20230918075932.1 | ||
| 041 | 0 | |a slo | |
| 044 | |a SK | ||
| 245 | 1 | 0 | |a Metódy fondovania v európskych penzijných schémach |c Ľudovít Pinda, Lea Škrovánková |
| 520 | |a Vznik doplnkových dôchodkových poisťovní na Slovensku ako nových subjektov na finančnom trhu. Metódy fondovania (vyčlenenie peňazí na pokrytie dávok ešte pred ich splatnosťou). Aktuárske záväzky. Štandardná výška príspevkov. Akumulované dávky. Príklady. | ||
| 610 | 2 | 0 | |a pripoistenie |
| 610 | 2 | 0 | |a poistenie dôchodkové doplnkové |
| 610 | 2 | 0 | |a poistenie dôchodkové |
| 610 | 2 | 0 | |a metódy |
| 610 | 2 | 0 | |a vzorce |
| 610 | 2 | 0 | |a Európska únia |
| 100 | 1 | |a Pinda, Ľudovít, 1958- | |
| 700 | 1 | |a Škrovánková, Lea, 1954- | |